| 000 | 00968cam a22002531i 4500 | ||
|---|---|---|---|
| 003 | SA-RiAUC | ||
| 005 | 20250519044706.0 | ||
| 008 | 250511s1976 ua f 00010 ara c | ||
| 040 |
_aSA-JeALM _bara _cSA-RiAUC _erda |
||
| 082 | 0 | 4 |
_a953.016 _qSA-RiAUC |
| 090 |
_a953.016 _bك ا ش |
||
| 100 | 1 |
_aكاشف، سيدة إسماعيل، _dتوفي 2015 _eمؤلف. |
|
| 245 | 1 | 0 |
_aمصادر التاريخ الإسلامي ومناهج البحث فيه / _cسيدة إسماعيل كاشف. |
| 250 | _aالطبعة الثانية. | ||
| 264 | 1 |
_aالقاهرة : _bمكتبة الخانجي، _c1976 |
|
| 300 |
_a108 صفحة ؛ _c20 سم |
||
| 336 |
_aنص _btxt _2rdacontent _3كتاب |
||
| 337 |
_aبدون وسيط _bn _2rdamedia |
||
| 338 |
_aمجلد _bnc _2rdacarrier |
||
| 650 | 7 |
_aالتاريخ الإسلامي _xمناهج بحث _2aucsh |
|
| 650 | 7 |
_aالإسلام _xتاريخ _2aucsh |
|
| 942 |
_2ddc _cBOOK _n0 |
||
| 949 |
_aSA-JeALM _d250511 _uosman123 _n1 |
||
| 999 |
_c8041 _d8041 |
||